000 00651nam a2200205 i 4500
001 112394
003 ES-MaACL
005 20231229062530.0
007 t|
008 061121s1941 sp |||| | spa d
100 1 _aOrtega y Gasset, José,
_d1883-1955
_987503
245 1 0 _aHistoria como sistema ;
_by Del Imperio romano /
_cJosé Ortega y Gasset.
246 3 _aDel Imperio romano
260 _aMadrid :
_bRevista de Occidente,
_c1941.
300 _a177 p. ;
_c20 cm.
650 4 _aHistoria-
_xFilosofía.
_913380
651 4 _aRoma-
_xHistoria-
_y30 a.C.-284 d.C., Alto Imperio.
_99318
852 _aES-MaACL
_jF-15126
999 _c112394
_d112394